Представление документа в формате RUSMARC

ПолеНазваниеЗначение
  Тип записи a
  Библиографический уровень a
001 Контрольный номер RU/CBS_UL/BASE/573131473
005 Дата корректировки 20240209175114.1
100 Данные общей обработки __
a Данные общей обработки 20180228d2018 ||| 0rusy0189 ca
101 Язык документа 0_
a Язык текста rus
102 Страна публикации __
a Страна публикации RU
105 Кодированные данные (монография) __
a Кодированные данные (монография) y###||||000|y
200 Заглавие и сведения об ответственности 1_
a Заглавие О роде Воейковых
e Сведения, относящиеся к заглавию [предки симбирских Воейковых]
300 Общие примечания __
a Общие примечания Ограничения по возрасту - 12+
461 Уровень набора _0
1 2000
a Мономах
463 Уровень физической единицы _0
1 001RU/CBS_UL/BASE/573060842
1 2000
a № 4
v С. 58
1 210
d 1996
600 Персоналии _0
a Персоналии (Фамилия) Воейков
b Персоналии (Имя, инициалы) Д.И.
600 Персоналии _0
a Персоналии (Фамилия) Воейков
b Персоналии (Имя, инициалы) А.И.
606 Тематические рубрики 0_
a Основная рубрика Дворянские роды - Симбирская губерния
608 Указатель предметных рубрик __
a Жанр/форма Жанр
610 Ключевые слова 0_
a Ключевые слова дворянские роды
610 Ключевые слова 0_
a Ключевые слова род Воейковых
610 Ключевые слова 0_
a Ключевые слова дворяне
610 Ключевые слова 0_
a Ключевые слова история губернии
686 Индексы других классификаций __
a Классификационный индекс 63.3(2Рос235.54)
2 Код системы ББК
801 Источник записи _0
a Страна RU
b Организация МБУК ЦБС г. Ульяновска
c Дата составления 20180228
g Правила каталогизации RCR
801 Источник записи _1
a Страна RU
b Организация МБУК ЦБС г. Ульяновска
c Дата составления 20180228
g Правила каталогизации RCR
900 Электронные ресурсы __
a Имя электронного ресурса О роде Воейковых
901 Тип документа __
t Тип документа b
w Контрольный № источника RU/CBS_UL/BASE/573060842
910 Корректоры записи __
a Корректор записи Нецеевский
938 Служебная информация __
a Имя БД kraeved